| 000 | 00396nam a2200157Ia 4500 | ||
|---|---|---|---|
| 008 | 230605s2002 xx 000 0 und d | ||
| 041 | _aeng | ||
| 100 | _aAbbott/lewry | ||
| 245 | _aFront office procedures social skill yield management | ||
| 260 |
_bElsevier butter worth london _c2002 _c2002 |
||
| 300 | _a211 | ||
| 365 |
_b180 _h20 |
||
| 500 | _a117 | ||
| 520 | _aGeneral | ||
| 650 | _aF.O. | ||
| 999 |
_c418167 _d418167 |
||